1M Cities in Squares of the World Map - Statistics

General Stats
  • This quiz has been taken 33,519 times
  • The average score is 53 of 73
Answers on the Map
Answers color-coded by a green-red scale on the quiz's map according to % correct below.
 
Answer Stats
Answer % Correct
Chicago | Milwaukee | Indianapolis | Louisville | Cincinnati | Columbus | Cleveland | Detroit | Pittsburgh | Washington D.C. | Harrisburg | Philadelphia | New York City | Hartford | Boston | Buffalo | Toronto | Ottawa | Montreal
99%
Porto | Madrid | Valencia | Barcelona | Marseille | Toulouse | Bordeaux | Lyon | Paris | Lille | Southampton | Brussels | Cologne-Dusseldorf | Frankfurt | Mannheim | Stuttgart | Zurich | Turin | Milan
98%
Dublin | Edinburgh | Newcastle | Manchester | Leeds | Liverpool | Sheffield | Nottingham | Birmingham | London | Amsterdam | Rotterdam | Antwerp | Hamburg | Bremen | Hanover | The Ruhr | Oslo
97%
Los Angeles | San Diego | Las Vegas | Phoenix | Tucson | Tijuana
97%
Moscow | Voronezh | Nizhny Novgorod | Kazan | Saratov | Samara
97%
Aguascalientes | San Luis Potosi | Leon | Queretaro | Guadalajara | Toluca | Cuernavaca | Puebla | Mexico City | Merida | Guatemala City | San Salvador
96%
Copenhagen | Berlin | Stockholm | Warsaw | Minsk | Helsinki | Saint Petersburg
96%
Florence | Rome | Naples | Nuremberg | Munich | Prague | Vienna | Budapest | Katowice | Belgrade | Bucharest | Kiev | Odessa | Sofia | Athens | Istanbul | Bursa | Izmir
96%
Kitakyushu | Hiroshima | Okayama | Hamamatsu | Shizuoka | Nagoya | Osaka | Tokyo
96%
Nashville | Atlanta | Charlotte | Greensboro | Raleigh | Richmond | Virginia Beach | Jacksonville | Orlando | Tampa | Melbourne | Cape Coral | Miami
96%
Sao Paulo | Rio de Janeiro | Santos | Campinas | Belo Horizonte | Vitoria
95%
Mersin | Adana | Gaziantep | Aleppo | Damascus | Beirut | Amman | Jerusalem | Tel Aviv | Gaza | Cairo | Mosul | Erbil | Kirkuk | Baghdad | Basra | Kermanshah | Ahvaz | Kuwait City | Medina | Riyadh | Dammam | Manama | Qom
94%
Vancouver | Seattle | Portland | San Francisco | Sacramento | Stockton | Salt Lake City
94%
El Paso | Oklahoma City | Dallas | Houston | Austin | San Antonio | McAllen | New Orleans | Memphis
93%
Sydney
92%
Xingtai | Handan | Changzhi | Anyang | Puyang | Xinxiang | Jiaozuo | Kaifeng | Zhengzhou | Luoyang | Pingdingshan | Nanyang | Xiangyang | Shangqiu | Yichang | Jingzhou | Wuhan | Yueyang | Changde | Changsha | Nanchang | Pingxiang | Hengyang | Ganzhou | Zhuzhou | Xiangtan | Xiamen | Putian | Fuzhou | Cangnan | Wenzhou | Taizhou | Yiwu | Ningbo | Cixi | Hangzhou | Jiaxing | Shanghai | Changshu | Nantong | Jiangyin | Zhenjiang | Yangzhou | Nanjing | Ma'anshan | Wuhu | Lu'an | Hefei | Fuyang | Huainan | Bengbu | Suzhou | Huaibei | Xuzhou | Suqian | Shuyang | Huaian | Yancheng | Lianyungang | Rizhao | Linyi | Zaozhuang | Tengzhou | Jining | Qingdao | Tai'an | Jinan | Zibo | Weifang | Yantai | Weihai | Taipei | Naha | Seoul | Cheongju | Daejeon | Gwuangju | Daegu | Ulsan | Changwon | Busan | Kumamato | Fukuoka
92%
Mendoza | Cordoba | Rosario | Buenos Aires | Montevideo | Porto Alegre
91%
Peshawar | Rawalpindi-Islamabad | Lahore | Gujranwala | Faisalabad | Multan | Srinagar | Amritsar | Jalandhar | Ludhiana | Chandigarh | Saharanpur | Meerut | Moradabad | Bareilly | Aligarh | Delhi | Agra | Jaipur | Gwalior | Kota | Jodhpur | Lucknow | Kanpur | Allahabad | Varanasi | Patna | Siliguri
91%
Doha | Dubai | Abu Dhabi | Tehran | Isfahan | Shiraz | Mashhad | Kabul | Quetta | Hyderabad | Karachi
90%
Hohhot | Datong | Zhangjiakou | Taiyuan | Shijiazhuang | Baoding | Tianjin | Beijing | Tangshan | Qinhuangdao | Dalian | Pyongyang | Changchun | Jilin | Harbin | Daqing | Qiqihar | Jinzhou | Yingkou | Panjin | Anshan | Benxi | Shenyang | Chifeng
90%
San Jose | Panama City | Cartagena | Cucuta | Bucaramanga | Medellin | Bogota | Cali | Quito | Guayaquil | Maracaibo | Barquisimeto
90%
Ahmedabad | Vadodara | Surat | Nashik | Mumbai | Pune | Aurangabad | Solapur | Hubli | Indore | Bhopal | Jabalpur | Nagpur | Bhilai | Hyderabad | Vijayawada | Chennai | Bangalore | Mysore | Salem | Tiruchirappalli | Tiruppur | Coimbatore | Kozhikode | Visakhapatnam | Bhubaneswar | Jamshedpur | Ranchi | Dhanbad | Asansol | Kolkata | Khulna | Dhaka
88%
Chittagong | Mandalay | Yangon | Bangkok | Chonburi | Phnom Penh | Ho Chi Minh City | Da Nang | Hanoi | Nanning | Haikou | Zhanjiang
88%
Lima
88%
Maoming | Qingyuan | Zhuhai | Huizhou | Hong Kong | Guangzhou | Shantou | Taichung | Tainan | Kaohsiung | Manila | Angeles
88%
Seville | Malaga | Tangier | Rabat | Fez | Casablanca | Marrakesh | Oran | Algiers | Tunis | Sousse
88%
Tegucigalpa | San Pedro Sula | Managua | Havana | Port-au-Prince | Santo Domingo | Barranquilla
87%
Kochi | Madurai | Colombo | George Town | Kuala Lumpur | Singapore | Batam | Medan | Pekanbaru
86%
Santiago | Valparaiso
86%
Brasilia | Salvador | Maceio | Recife | Joao Pessoa | Natal | Fortaleza | Teresina
85%
Cape Town | Port Elizabeth
85%
Palembang | Bandar Lampung | Jakarta | Serang | Karawang | Cirebon | Bandung | Semarang | Yogyakarta | Surakarta
85%
Adelaide | Melbourne
84%
George Town | Kuala Lumpur | Singapore | Batam | Medan | Pekanbaru
84%
Ankara | Konya | Kayseri | Diyarbakır | Tabriz | Baku | Yerevan | Tbilisi | Volgograd | Rostov-On-Don | Donetsk | Dnipropetrovsk | Kharkiv
83%
Abidjan | Accra | Kumasi | Lomé | Cotonou | Lagos | Ibadan | Ilorin | Abuja | Jos | Kaduna | Benin City | Warri | Onitsha | Enugu | Aba | Port Harcourt | Douala
82%
Johannesburg
81%
Denver | Minneapolis | Kansas City | Saint Louis
80%
Kampala | Nairobi | Addis Ababa | Mogadishu
80%
Perth
80%
Tripoli | Alexandria | Antalya
78%
Auckland
76%
La Paz | Cochabamba | Santa Cruz | San Miguel de Tucuman | Asuncion | Goiania | Curitiba
76%
Khartoum | Mecca | Jeddah | Sana'a
75%
Valencia | Maracay | Caracas
75%
Pointe Noire | Kinshasa | Brazzaville | Luanda | Benguela | Kananga | Mbuji-Mayi | Lubumbashi | Lusaka
72%
Lisbon
67%
Ulaanbaatar | Yinchuan | Baotou
67%
Edmonton | Calgary
66%
Nouakchott | Dakar | Touba | Banjul
66%
Brisbane
64%
Harare | Maputo | Antananarivo
61%
Guwahati | Kunming | Guiyang | Guilin | Liuzhou | Zunyi | Chongqing | Wanzhou | Yibin | Luzhou | Jiangjin | Zigong | Hechuan | Nanchong | Mianyang | Chengdu | Xian | Baoji | Lanzhou | Xining
60%
Mombasa | Dar es Salaam | Lilongwe
60%
Conakry | Freetown | Monrovia
58%
Omsk | Novosibirsk | Nur-Sultan
58%
Ashgabat | Dushanbe | Tashkent | Shymkent
56%
Muscat | Rajkot
56%
Bamako | Ouagadougou | Niamey | Kano | Zaria
55%
Bishkek | Almaty | Urumqi
54%
Sapporo | Sendai
49%
Yaoundé | Bangui | Kisangani | Kigali
48%
Manaus
47%
Maiduguri | N'Djamena
45%
Malang | Surabaya | Denpasar | Makassar
45%
San Juan
43%
Perm | Ufa | Yekaterinburg | Chelyabinsk
40%
Durban
34%
Belem | Sao Luis
30%
Cebu | Davao
29%
Arequipa
17%
Agadir
16%
Krasnoyarsk
15%
No matching quizzes found
Score Distribution
Percent of People with Each Score
Percentile by Number Answered
Your Score History
You have not taken this quiz